[Event "Timbo U2400 op"]
[Site "Timbo"]
[Date "2025.02.16"]
[Round "5"]
[White "Eichstadt, Rubens Fernando"]
[Black "Rocha, Sirlene Poikerski"]
[Result "1-0"]
[WhiteElo "1800"]
[BlackElo "1475"]
[PlyCount "76"]
[EventDate "2025.02.14"]
[EventType "swiss"]
[EventRounds "6"]
[EventCountry "BRA"]
[SourceTitle "CB10_2025"]
[SourceDate "2025.03.05"]
[SourceVersion "1"]
[SourceVersionDate "2025.03.05"]
[SourceQuality "1"]

1. d4 Nf6 2. Bf4 d6 3. Nf3 Bg4 4. e3 Nh5 5. Bg5 h6 6. Bh4 g5 7. Bg3 Nxg3 8. hxg3 Bg7 9. Be2 Nd7 10. Nh2 Bxe2 11. Qxe2 Nf6 12. Nd2 c6 13. f4 d5 14. 0-0-0 Qa5 15. Kb1 Qa6 16. Qf3 b5 17. Ng4 b4 18. Nxf6+ Bxf6 19. Nb3 Qb7 20. Qg4 Qc8 21. Qf3 g4 22. Qe2 a5 23. e4 a4 24. Nc5 Qb8 25. Qxg4 e6 26. e5 Be7 27. Qg7 Bxc5 28. Qxh8+ Bf8 29. g4 b3 30. cxb3 axb3 31. a3 c5 32. dxc5 Qc7 33. Rh3 Rb8 34. Rdd3 Qxc5 35. Rxb3 Qg1+ 36. Ka2 Rc8 37. Rhc3 Rd8 38. Rc2 d4 1-0

[Event "Timbo U2400 op"]
[Site "Timbo"]
[Date "2025.02.16"]
[Round "6"]
[White "Rocha, Sirlene Poikerski"]
[Black "Rapouso, Natan Ferreira"]
[Result "0-1"]
[WhiteElo "1475"]
[BlackElo "1739"]
[PlyCount "62"]
[EventDate "2025.02.14"]
[EventType "swiss"]
[EventRounds "6"]
[EventCountry "BRA"]
[SourceTitle "CB10_2025"]
[SourceDate "2025.03.05"]
[SourceVersion "1"]
[SourceVersionDate "2025.03.05"]
[SourceQuality "1"]

1. e4 e5 2. d4 exd4 3. Qxd4 Nc6 4. Qe3 Nf6 5. f3 Be7 6. c4 0-0 7. a3 b6 8. Nc3 Bb7 9. b4 Ne5 10. Bb2 c6 11. Nd1 Ng6 12. Nf2 d5 13. cxd5 cxd5 14. Rd1 Qc7 15. Bd3 dxe4 16. Rc1 Qd7 17. Nxe4 Bxe4 18. Bxe4 Rfe8 19. Rd1 Bd6 20. Bxf6 gxf6 21. Qd4 Qe6 22. Qxd6 Qxd6 23. Rxd6 f5 24. Nh3 Rac8 25. 0-0 fxe4 26. f4 e3 27. f5 Nf8 28. Re1 Rc3 29. a4 Rc2 30. Nf4 Rd2 31. Nh5 Rxd6 0-1

[Event "Florianopolis op 11th"]
[Site "Florianopolis"]
[Date "2025.01.26"]
[Round "10"]
[White "Miglioranza, Zita Catarina"]
[Black "Rocha, Sirlene Poikerski"]
[Result "1/2-1/2"]
[WhiteElo "1739"]
[BlackElo "1694"]
[PlyCount "44"]
[EventDate "2025.01.18"]
[EventType "swiss"]
[EventRounds "10"]
[EventCountry "BRA"]
[SourceTitle "CB05_2025"]
[SourceDate "2025.01.29"]
[SourceVersion "1"]
[SourceVersionDate "2025.01.29"]
[SourceQuality "1"]

1. e4 e5 2. Nf3 Nc6 3. Bc4 Bc5 4. c3 Nf6 5. 0-0 0-0 6. d4 exd4 7. cxd4 Bb6 8. Nc3 Ba5 9. Ne2 Nxe4 10. d5 Ne7 11. Qc2 Nf6 12. h3 d6 13. Be3 c6 14. Rab1 Nexd5 15. Bg5 Re8 16. b4 Nxb4 17. Qc1 d5 18. Bb3 Rxe2 19. Qd1 Re4 20. Rc1 Bf5 21. Rc5 Bb6 22. Rc3 Qd6 1/2-1/2

[Event "Florianopolis op 11th"]
[Site "Florianopolis"]
[Date "2025.01.25"]
[Round "9"]
[White "Rocha, Sirlene Poikerski"]
[Black "Ramazzotte, Rafaela Graziele Zi"]
[Result "0-1"]
[WhiteElo "1694"]
[BlackElo "1515"]
[PlyCount "20"]
[EventDate "2025.01.18"]
[EventType "swiss"]
[EventRounds "10"]
[EventCountry "BRA"]
[SourceTitle "CB05_2025"]
[SourceDate "2025.01.29"]
[SourceVersion "1"]
[SourceVersionDate "2025.01.29"]
[SourceQuality "1"]

1. e4 e5 2. Nf3 Nc6 3. d4 d6 4. d5 Nd4 5. Nxd4 exd4 6. Qxd4 Nf6 7. Nd2 Be7 8. Bd3 0-0 9. b4 Re8 10. Bb2 c5 0-1

[Event "Florianopolis op 11th"]
[Site "Florianopolis"]
[Date "2025.01.20"]
[Round "4"]
[White "Rocha, Sirlene Poikerski"]
[Black "Biazon, Natalia De Oliveira"]
[Result "0-1"]
[WhiteElo "1694"]
[BlackElo "1595"]
[PlyCount "54"]
[EventDate "2025.01.18"]
[EventType "swiss"]
[EventRounds "10"]
[EventCountry "BRA"]
[SourceTitle "CB05_2025"]
[SourceDate "2025.01.29"]
[SourceVersion "1"]
[SourceVersionDate "2025.01.29"]
[SourceQuality "1"]

1. e4 e6 2. d4 d5 3. e5 c5 4. c3 b6 5. Nf3 Nc6 6. Be3 c4 7. b3 b5 8. a3 a5 9. Nbd2 Bb7 10. Be2 Nge7 11. Nf1 Nc8 12. Bd2 Nb6 13. Ng3 Be7 14. h4 h6 15. h5 Ba6 16. Qc2 0-0 17. Ng5 Bxg5 18. Bxg5 Qxg5 19. b4 axb4 20. axb4 Bb7 21. Rxa8 Rxa8 22. 0-0 Qd8 23. f4 Ra7 24. f5 exf5 25. Nxf5 Bc8 26. Nd6 Ba6 27. Qf5 Qd7 0-1